Capitali e Stati d'Europa - Statistics

Statistiche generali
  • Questo quiz è stato fatto 1.178 volte
  • Il punteggio medio è 34 su 44
Statistiche sulle risposte
Hint Risposta % Corretto
Londra Regno Unito
91%
Madrid Spagna
90%
Atene Grecia
89%
Andorra La Vella Andorra
88%
Parigi Francia
88%
Berlino Germania
88%
Mosca Russia
88%
Città del Vaticano Città del Vaticano
87%
Lisbona Portogallo
87%
San Marino San Marino
87%
Amsterdam Paesi Bassi
86%
Kiev Ucraina
86%
Vienna Austria
85%
Zagabria Croazia
85%
Monaco Monaco
85%
Copenaghen Danimarca
84%
Roma Italia
84%
Lussemburgo Lussemburgo
84%
Dublino Irlanda
83%
Varsavia Polonia
83%
La Valletta Malta
82%
Oslo Norvegia
82%
Tirana Albania
81%
Bruxelles Belgio
81%
Bucarest Romania
80%
Berna Svizzera
80%
Helsinki Finlandia
79%
Praga Repubblica Ceca
78%
Reykjavik Islanda
77%
Stoccolma Svezia
77%
Budapest Ungheria
75%
Sofia Bulgaria
74%
Minsk Bielorussia
70%
Riga Lettonia
69%
Sarajevo Bosnia ed Erzogovina
68%
Vilnius Lituania
67%
Belgrado Serbia
66%
Skopje Macedonia del Nord
65%
Tallin Estonia
64%
Chișinău Moldavia
64%
Podgorica Montenegro
61%
Lubiana Slovenia
60%
Bratislava Slovacchia
59%
Vaduz Liechtenstein
56%
Nessun quiz corrispondente trovato
Distribuzione punteggi
Percentuale di utenti per punteggio
Percentile per numero di risposta
I tuoi punteggi nel tempo
Non hai fatto questo quiz